| 000 | 00443nam a22001817a 4500 | ||
|---|---|---|---|
| 003 | MPLRDC | ||
| 005 | 20220104143626.0 | ||
| 008 | 210129b ||||| |||| 00| 0 eng d | ||
| 020 | _a7-5065-2040-0 | ||
| 082 | _a628.7 YJ v.1 | ||
| 100 | _a于劲 | ||
| 245 |
_a上海: 1949大崩溃. 上卷 _c |
||
| 250 | _a一版一刷 | ||
| 260 |
_a _b解放军 _c1993 |
||
| 300 | _b平 | ||
| 650 | _a中华人民共和国史 | ||
| 942 |
_cBK _o628.7 YJ v.1 |
||
| 999 |
_c41751 _d41741 |
||